01626nam a22002897a 4500003000900000005001700009007000300026008004100029020001800070040003000088082001900118245014100137264005300278300006600331336002700397337003300424338002800457500005700485500003500542505036200577590002700939600004300966700005501009942001401064952024101078999001701319DO-SdBNP20250204132423.0ta240402e2016 dr ahc|| |||| 00| e spa d a9789945086041 aDO-SdBNPbspacBNPHUerda 4axxxbA174q22213aLo que yo ví:bpáginas de historia contemporánea 1895-1958 /cAgustín A. Acevedo Fabián ; editor, Manuel Ulises Bonnelly Vega. 1aSanto Domingo :bEditora El Nuevo Diario,c2016. a508 páginas :bIlustraciones, facsímil, retratos ;c23 cm atextobtxt2rdacontent asin mediaciónbn2rdamedia avolumenbnc2rdacarrier aIncluye bibliografía y notas al pie de páginas.  aIncluye índice onomástico. aMemorias de un santiaguero--tIntroducción--tLicenciado Agustín Alejo Acevedo Fabián--t1895-1899--t1900-1901--t1902- finales de 1911--tFinales de 1911-1916--t1916-1930--t1930-1958--tAnexos--tGalería--tPersonajes mencionados en esta obras--tFamilia de Agustín Acevedo Fabián--tLugares mencionados en eta obra--tÍndice Onomástico. aInventariado 2024 / MF14aAcevedo Fabián, Agustín A. 985100 aBonnelly Vega, Manuel Ulises, eeditor4ed.984887 2ddccLBS1 00102ddc51708PDaBNPHUbBNPHUcCTd2023-04-02eDonado por la Presidencia de la República Dominicana 2023.l0oBNPHU PD A174qp2024-1730r2024-04-02w2024-04-02yLBS1zPerteneció a la biblioteca personal de Emilio Cordero Michel. c56212d56212